[Event "FTX Road to Miami KO 2022"]
[Site "chess24.com INT"]
[Date "2022.07.15"]
[Round "2.13"]
[White "Wei Yi"]
[Black "Rapport,R"]
[Result "1-0"]
[WhiteElo "2727"]
[BlackElo "2764"]

1.e4 c5 2.Nf3 e6 3.d4 cxd4 4.Nxd4 a6 5.Bd3 Bc5 6.Nb3 Ba7 7.Qe2 Nc6 8.Be3 Nge7
9.Nc3 b5 10.O-O-O O-O 11.f4 b4 12.Na4 d6 13.e5 Nd5 14.Bxa7 Nxf4 15.Qf3 Nxd3+
16.Rxd3 Rxa7 17.Qxc6 Bd7 18.Qb6 Qb8 19.Qa5 dxe5 20.Nac5 Bc6 21.Rhd1 Bd5 22.g3 Qb5
23.Qxb5 axb5 24.Re3 f6 25.Nd3 Ra4 26.Nbc5 Rxa2 27.Nxb4 Ra1+ 28.Kd2 Rxd1+
29.Kxd1 Kf7 30.Nxd5 exd5 31.Ra3 g5 32.Ra5 b4 33.Nd3 d4 34.Nxb4 Ke6 35.g4 h5
36.Ra6+  1-0

[Event "FTX Road to Miami KO 2022"]
[Site "chess24.com INT"]
[Date "2022.07.16"]
[Round "3.11"]
[White "Aronian,L"]
[Black "Wei Yi"]
[Result "1/2-1/2"]
[WhiteElo "2775"]
[BlackElo "2727"]

1.c4 Nf6 2.g3 e6 3.Bg2 d5 4.Nf3 Be7 5.O-O O-O 6.b3 b6 7.Bb2 Bb7 8.e3 c5 9.Qe2 Nc6
10.Rd1 Qc8 11.d4 Rd8 12.Nbd2 dxc4 13.bxc4 Qc7 14.Rac1 Rac8 15.Bh3 Ba6 16.Nb3 Qb8
17.Ng5 Rc7 18.dxc5 Rxd1+ 19.Rxd1 bxc5 20.Qc2 h6 21.Bxf6 hxg5 22.Bxe7 Nxe7
23.Qe4 Qc8 24.Rd6 Rc6 25.Qd3 Rxd6 26.Qxd6 Nf5 27.Bxf5 exf5 28.Qd5 Qe6 29.Nxc5 Qxd5
30.cxd5 Bc4 31.d6 Kf8 32.a3 g4 33.Kg2 Be2 34.h4 Ke8 35.h5 Kd8 36.Kh2 Kc8
37.Kg1 Kd8 38.Kg2 Kc8 39.f4 gxf3+ 40.Kf2 Bd1 41.e4 fxe4 42.Ke3 f2 43.Kxf2 Bxh5
44.Ke3 Bf3 45.Kf4 Kd8 46.Ke3 Kc8 47.Kf4 Kd8 48.Ke3 Ke8 49.Kd4 f5 50.a4 Kf7
51.a5 Kf6 52.Ke3 Bh5 53.Kd4 Bf3 54.Ke3 g5 55.Kd4 Bg2 56.Ke3 Bh1 57.Kd4 Bf3
58.Ke3 Bh5 59.Kd4 Bf7 60.g4 fxg4 61.Nxe4+ Ke6 62.Nxg5+ Kxd6 63.Nxf7+ Kc6
64.Kc4 g3 65.Ne5+ Kd6 66.Nf3 g2 67.Kb5 Kc7 68.Kc5 Kb7 69.Ng1 Ka6 70.Kb4 Kb7
71.Kb5 Kc7 72.a6 Kd6 73.Ne2 Kc7 74.Kc5 Kd7 75.Ng1 Kc7 76.Nh3 Kd7 77.Ng1 Kc7
78.Nh3 Kd7 79.Ng1  1/2-1/2

[Event "FTX Road to Miami KO 2022"]
[Site "chess24.com INT"]
[Date "2022.07.16"]
[Round "3.12"]
[White "Wei Yi"]
[Black "Aronian,L"]
[Result "1/2-1/2"]
[WhiteElo "2727"]
[BlackElo "2775"]

1.d4 d5 2.c4 dxc4 3.e4 Nf6 4.e5 Nd5 5.Bxc4 Bf5 6.Ne2 e6 7.O-O Nc6 8.Nbc3 Nb6
9.Bb3 Qd7 10.Be3 O-O-O 11.Qc1 Kb8 12.Rd1 Nb4 13.Ng3 Bg6 14.Nge4 Be7 15.f3 Qc8
16.Nc5 Bxc5 17.dxc5 Rxd1+ 18.Qxd1 N6d5 19.Nxd5 Nxd5 20.Bg5 h6 21.Bh4 Nb4
22.Qd4 Nc6 23.Qe3 Bh5 24.g4 g5 25.Bg3 Bg6 26.Rd1 Rd8 27.Rxd8 Qxd8 28.Bf2 Nb4
29.Qd4 Qxd4 30.Bxd4 b5 31.cxb6 axb6 32.Bc3 Nd3 33.Bc4 Nf4 34.Bd2 Bd3 35.Bxf4 Bxc4
36.Be3 Bxa2 37.f4 c5 38.fxg5 hxg5 39.Bxg5 Kc7 40.Kf2 Kc6 41.Ke3 Kd5 42.Kf4 Bb1
43.Bd8 b5 44.Be7 c4 45.h4 Kd4 46.h5 Kd3 47.h6 Ke2 48.Bb4 Bg6 49.Bc3 Kf2 50.Bd4+ Kg2
51.Bc3 Kf2 52.Bb4 Kg2 53.Bc5 Kh3 54.Kf3 Bd3 55.Bb4 Bg6 56.Bd2 Kh4 57.Kf4 Kh3
58.Be1 Kg2 59.Ba5 Kh3 60.Kf3 Bd3 61.Be1 Bg6 62.Kf4 Kg2 63.Kg5 Kf3 64.Bc3 Kg3
65.Ba5 Kf3 66.Be1 Ke2 67.Bc3 Kf3 68.Bb4 Kg3 69.Be1+ Kf3 70.Bc3 Kg3 71.Bb4 Kf3
72.Ba5 Kg3 73.Bd2 Kf3 74.Bc3  1/2-1/2

[Event "ch-CHN Rapid 2022"]
[Site "Shaoxing CHN"]
[Date "2022.08.25"]
[Round "3.1"]
[White "Wei Yi"]
[Black "Huang,Renjie"]
[Result "1-0"]
[WhiteElo "2727"]
[BlackElo "2446"]

1.e4 e5 2.Nf3 Nc6 3.Bb5 a6 4.Ba4 Nf6 5.O-O Be7 6.d3 b5 7.Bb3 d6 8.a3 O-O
9.Nc3 h6 10.h3 Re8 11.Bd2 Bf8 12.Re1 Be6 13.Bxe6 Rxe6 14.a4 Rb8 15.Nd5 Re8
16.axb5 axb5 17.Nxf6+ Qxf6 18.Ra6 Nd8 19.b4 Ne6 20.Qa1 Qd8 21.Be3 Ra8 22.Qa5 d5
23.Rxa8 Qxa8 24.Qxa8 Rxa8 25.exd5 Nf4 26.Bxf4 exf4 27.Rb1 Rd8 28.c4 bxc4
29.dxc4 Rb8 30.b5 Ra8 31.Ne5 Ra2 32.Nd7 Rc2 33.b6 cxb6 34.Rxb6 Ba3 35.d6 f6
36.c5 Kf7 37.Rb7 Ke8 38.Nb8 Rxc5 39.Re7+ Kd8 40.Rxg7 Rc1+ 41.Kh2 Bxd6 42.Rd7+ Kc8
43.Rxd6 Kxb8 44.Rxf6  1-0

[Event "ch-CHN Rapid 2022"]
[Site "Shaoxing CHN"]
[Date "2022.08.26"]
[Round "4.1"]
[White "Huang,Renjie"]
[Black "Wei Yi"]
[Result "1/2-1/2"]
[WhiteElo "2446"]
[BlackElo "2727"]

1.e4 c5 2.Nf3 d6 3.Bb5+ Nd7 4.O-O a6 5.Bd3 Ngf6 6.Re1 e6 7.c3 b5 8.a4 Bb7
9.Bc2 c4 10.axb5 axb5 11.Rxa8 Qxa8 12.Na3 Bxe4 13.Bxe4 Nxe4 14.d3 cxd3 15.Nxb5 Qb7
16.c4 d5 17.cxd5 exd5 18.Qb3 Nc5 19.Qxd5 Qxd5 20.Nc7+ Kd7 21.Nxd5 Bd6 22.b4 Nb3
23.Rxe4 Nxc1 24.Rc4 Ne2+ 25.Kf1 Rb8 26.Nd4 Nxd4 27.Rxd4 Rb5 28.Rxd3 Ke6 29.Ne3 Rxb4  1/2-1/2

[Event "ch-CHN Rapid 2022"]
[Site "Shaoxing CHN"]
[Date "2022.08.26"]
[Round "5.1"]
[White "Wei Yi"]
[Black "Bai,Jinshi"]
[Result "1-0"]
[WhiteElo "2727"]
[BlackElo "2586"]

1.e4 e5 2.Nf3 Nf6 3.Nxe5 d6 4.Nf3 Nxe4 5.d4 d5 6.Bd3 Bd6 7.O-O O-O 8.c4 c6
9.Re1 Bf5 10.Qb3 Na6 11.cxd5 cxd5 12.Nc3 Nb4 13.Bb1 Re8 14.Be3 Be6 15.Nb5 Bf8
16.Bf4 g5 17.Nxg5 Nxg5 18.Qg3 Bd7 19.Rxe8 Qxe8 20.Qxg5+ Bg7 21.Bxh7+ Kxh7
22.Nc7 Qe4 23.Nxa8 Nc2 24.Rd1 Nxd4 25.Qh4+ Kg6 26.Kh1 Nf5 27.Qg4+ Kh7 28.Nc7 d4
29.h3 Qc2 30.Rc1 Qxf2 31.Ne8 Bh8 32.Qh5+ Kg8 33.Qg5+ Kh7 34.Nd6 Nxd6 35.Bxd6 Bc6
36.Qg3 Qf5 37.Rc5 Bd5 38.Qh4+ Kg6 39.Kh2 Bf6 40.Qg3+ Kh7 41.Qf4 Qxf4+ 42.Bxf4 Bxa2
43.Ra5 Bb1 44.Rxa7 Be4 45.Ra4 b5 46.Ra6 Bg7 47.Rb6 Bd3 48.b3 Be2 49.Kg3 d3
50.Rd6 Bc3 51.Kf2 b4 52.Ke3 Bf1 53.Kf2 Be2 54.Ke3 Bf1 55.Rxd3 Bxg2 56.Rd6 f6
57.h4 Kg6 58.Kd3 Kh5 59.Bd2 Be5 60.Rd7 Kxh4 61.Bxb4 f5 62.Bd6 Bb2 63.Kc2 Ba1
64.b4 Bc6 65.Rc7 Be4+ 66.Kd2 Kg4 67.Rc4 Bf6 68.b5 Kf3 69.b6 Bg5+ 70.Kd1 Be3
71.Bc5 Bg5 72.Rb4 Bb7 73.Rd4 Kg3 74.Rd3+ Kg4 75.Rd7 Bf3+ 76.Ke1  1-0

[Event "ch-CHN Rapid 2022"]
[Site "Shaoxing CHN"]
[Date "2022.08.26"]
[Round "6.1"]
[White "Bai,Jinshi"]
[Black "Wei Yi"]
[Result "1/2-1/2"]
[WhiteElo "2586"]
[BlackElo "2727"]

1.Nf3 d5 2.d4 Nf6 3.c4 e6 4.Nc3 c5 5.e3 a6 6.b3 cxd4 7.exd4 Bb4 8.Bd2 Nc6
9.a3 Be7 10.c5 O-O 11.b4 b6 12.Be2 bxc5 13.bxc5 e5 14.dxe5 Ng4 15.Bf4 d4
16.Na4 Qa5+ 17.Kf1 Bf5 18.Bc4 Rad8 19.h3 Ne3+ 20.fxe3 dxe3 21.Qb3 Rb8 22.Qc3 Qxa4
23.Bxe3 Be6 24.Rc1 Qxc4+ 25.Qxc4 Bxc4+ 26.Rxc4 Rb1+ 27.Bc1 Na5 28.Rc3 Nb3
29.Ke2 Bxc5 30.Kd3 Rb8 31.Re1 Nxc1+ 32.Rexc1 Rxc1 33.Rxc1 Bxa3 34.Ra1 Rb3+
35.Kc2 Re3 36.Kd2 Rb3 37.Kc2  1/2-1/2

[Event "ch-CHN Rapid 2022"]
[Site "Shaoxing CHN"]
[Date "2022.08.27"]
[Round "7.1"]
[White "Lu Shanglei"]
[Black "Wei Yi"]
[Result "1-0"]
[WhiteElo "2616"]
[BlackElo "2727"]

1.e4 c5 2.Nf3 d6 3.d4 cxd4 4.Nxd4 Nf6 5.f3 e5 6.Nb3 d5 7.Bg5 d4 8.c3 Nc6
9.cxd4 Bb4+ 10.Bd2 Nxe4 11.Bxb4 Qh4+ 12.g3 Nxg3 13.hxg3 Qxh1 14.Bc3 Bh3 15.N1d2 O-O-O
16.d5 Rxd5 17.Qe2 Bxf1 18.Qxf1 Qh6 19.O-O-O Kb8 20.Qc4 Rhd8 21.Qe4 g6 22.g4 Qg5
23.Rh1 h6 24.Kb1 f5 25.gxf5 gxf5 26.Qh4 R8d6 27.a3 b5 28.Qf2 Qd8 29.Qe3 Qg5
30.Qf2 Qd8 31.Qe3 Qg5 32.Qe2 Qd8 33.Rg1 a6 34.Ka2 Kb7 35.Qe3 Kb8 36.Rg7 Rd7
37.Qxh6 Rxg7 38.Qxg7 a5 39.Qg6 Kb7 40.Qf7+ Kb6 41.Nxa5 Qd7 42.Qf6 Rd6 43.Nac4+ bxc4
44.Nxc4+ Kc5 45.Nxd6 Qxd6 46.Qxf5 Qd5+ 47.b3 Kb6 48.Qe4 Qc5 49.Bb2 Qf2 50.b4 Qd2
51.Qc4 Qe3 52.Qc3 Qf2 53.a4 Kb7 54.Qb3 Qd2 55.Ka3 Qd6 56.Qc4 Kb6 57.Bc3 Kb7
58.Qb5+ Kc7 59.Qc5 Qd1  1-0

[Event "ch-CHN Rapid 2022"]
[Site "Shaoxing CHN"]
[Date "2022.08.27"]
[Round "8.1"]
[White "Wei Yi"]
[Black "Lu Shanglei"]
[Result "1/2-1/2"]
[WhiteElo "2727"]
[BlackElo "2616"]

1.e4 c5 2.Nf3 e6 3.d4 cxd4 4.Nxd4 Nf6 5.Nc3 Nc6 6.a3 d6 7.Be3 Be7 8.f4 O-O
9.Qf3 Nxd4 10.Bxd4 Qa5 11.e5 dxe5 12.fxe5 Nd7 13.Bb5 Qc7 14.Qe3 Bc5 15.Bxc5 Qxc5
16.Qxc5 Nxc5 17.O-O-O a6 18.Bd3 Bd7 19.Be2 Bc6 20.Bf3 Rfd8 21.Bxc6 bxc6 22.b4 Nd7
23.Rhe1 Kf8 24.Rd6 Rac8 25.Na4 Ke7 26.Rd3 c5 27.Re4 Rc6 28.c3 Rb8 29.Kc2 a5
30.Rxd7+ Kxd7 31.Nxc5+ Rxc5 32.bxc5 Kc6 33.Ra4 Rb5 34.Rf4 Rb7 35.Rc4 Kd5
36.Kd3 Rc7 37.Rd4+ Kxc5 38.Rc4+ Kb6 39.Rg4 g6 40.Rd4 Rc5 41.Rd6+ Kb5 42.Kd4 Rc4+
43.Kd3 Rc5 44.Rd7 Rxe5 45.c4+ Kc6 46.Rxf7 Rh5 47.h3 Rg5 48.g4 h5 49.Rf4 hxg4
50.hxg4 Kd6 51.Rd4+ Kc5 52.Re4 Kd6 53.Rd4+ Kc5 54.Re4 Kd6 55.Kd4 a4 56.Kc3 Kc5
57.Kd3 Kd6 58.Kd4 Ra5 59.Kc3 g5 60.Kb4 Ra8 61.Kb5 Rf8 62.Rd4+ Kc7 63.c5 Rf3
64.Rxa4 Rb3+ 65.Kc4 Rg3 66.Ra6 Rxg4+ 67.Kb5 Rg3 68.a4 Rb3+ 69.Kc4 Ra3 70.a5 g4
71.Kb4 Re3 72.Kb5 Rb3+ 73.Kc4 Ra3 74.Kb4 Re3 75.Ra8 g3 76.Rg8 Kc6 77.a6 Re4+
78.Kb3 Re3+ 79.Kb4 Re4+ 80.Ka5 Re1 81.Rc8+ Kd7 82.Rg8 Kc6 83.Rc8+ Kd7 84.Kb5  1/2-1/2

[Event "ch-CHN Rapid 2022"]
[Site "Shaoxing CHN"]
[Date "2022.08.27"]
[Round "9.2"]
[White "Wei Yi"]
[Black "Dai,Changren"]
[Result "1/2-1/2"]
[WhiteElo "2727"]
[BlackElo "2515"]

1.Nf3 Nf6 2.c4 c6 3.Nc3 d5 4.e3 e6 5.b3 Bd6 6.Bb2 O-O 7.h3 e5 8.cxd5 cxd5
9.Nb5 Nc6 10.Nxd6 Qxd6 11.Bb5 Nd7 12.O-O a6 13.Bxc6 bxc6 14.Qc1 Re8 15.d4 e4
16.Ne5 Nxe5 17.dxe5 Qg6 18.Kh2 a5 19.f4 exf3 20.Rxf3 Bf5 21.Qc5 Be4 22.Rg3 Qe6
23.Rf1 Kh8 24.Qd4 Rac8 25.Ba3 Bg6 26.Bd6 f6 27.Rgf3 Be4 28.Rf4 h6 29.Rxe4 c5
30.Bxc5 fxe5 31.Rf8+ Rxf8 32.Rxe5 Qxe5+ 33.Qxe5 Rxc5 34.Qd6 Rfc8 35.h4 R8c6
36.Qe5 Kh7 37.Qd4 Rc8 38.Kh3 R8c6 39.g4 Kg6 40.Kg3 Rc7 41.Kf4 Kh7 42.Ke5 Re7+
43.Kd6 Rcc7 44.Qd3+ Kh8 45.Qf5 Rf7 46.Qe6 Kh7 47.g5 hxg5 48.hxg5 g6 49.Qg4 Rce7
50.Qd4 Re8 51.Qc3 Rd8+ 52.Ke6 Ra7 53.Qc5 Re8+ 54.Kxd5 Rae7 55.Kc4 Rxe3 56.Qc7+ R8e7
57.Qh2+ Kg8 58.Qb8+ Kg7 59.Qd6 R7e4+ 60.Kc5 Re5+ 61.Kd4 R5e4+ 62.Kc5 Re5+
63.Kd4  1/2-1/2

[Event "ch-CHN Rapid 2022"]
[Site "Shaoxing CHN"]
[Date "2022.08.28"]
[Round "10.2"]
[White "Dai,Changren"]
[Black "Wei Yi"]
[Result "0-1"]
[WhiteElo "2515"]
[BlackElo "2727"]

1.d4 Nf6 2.c4 e6 3.Nc3 Bb4 4.Qc2 d5 5.a3 Bxc3+ 6.Qxc3 O-O 7.Bg5 c5 8.dxc5 d4
9.Qf3 Nbd7 10.e3 h6 11.Bxf6 Nxf6 12.O-O-O e5 13.Ne2 Bg4 14.Qg3 d3 15.f3 Rc8
16.Nc3 e4 17.fxg4 Rxc5 18.h4 Rxc4 19.g5 Rxc3+ 20.bxc3 Qc8 21.Kd2 Ng4 22.Qf4 f5
23.Rh3 Qc4 24.Bxd3 Rd8 25.Ke2 exd3+ 26.Kf3 Qa2 27.Kg3 Qe2 28.Qf3 Qxe3 29.Rhh1 hxg5
30.hxg5 Qxg5 31.Qf4 Qxf4+ 32.Kxf4 Nf2 33.Kxf5 Nxh1 34.Rxh1 Rc8 35.Rc1 d2
36.Rd1 Rxc3 37.Rxd2 Rxa3 38.g4 Ra5+ 39.Kg6 Ra6+ 40.Kf5 Rf6+ 41.Ke5 a5 42.g5 Ra6
43.Kf5 a4 44.g6 Ra8  0-1

[Event "TCh-CHN DivA Rapid"]
[Site "Fuling CHN"]
[Date "2022.09.06"]
[Round "1.2"]
[White "Xu,Xiangyu"]
[Black "Wei Yi"]
[Result "1/2-1/2"]
[WhiteElo "2571"]
[BlackElo "2727"]

1.d4 Nf6 2.Nf3 d5 3.c4 e6 4.Nc3 c5 5.cxd5 cxd4 6.Qxd4 exd5 7.e4 dxe4 8.Qxd8+ Kxd8
9.Ng5 Be6 10.Nxe6+ fxe6 11.Bg5 Nc6 12.Bc4 Ke7 13.Nxe4 Kf7 14.Bxf6 gxf6 15.O-O-O Rd8
16.Rxd8 Nxd8 17.Rd1 Be7 18.Rd7 f5 19.Nd6+ Kf6 20.Nxb7 Nxb7 21.Rxb7 Bc5 22.Rc7 Bxf2
23.Rc6 Re8 24.b4 Rb8 25.Rxe6+ Kg5 26.b5 Rc8 27.Rc6 Rxc6 28.bxc6 Bb6 29.h3 f4
30.Bd5 h6 31.Kc2 Kf5 32.Bf3 Ke5 33.Be2 a5 34.Bf3 Bc7 35.Kd3 Bb6 36.Be2 Kd5
37.Bf3+ Ke5 38.Be2 Kd5 39.Bf3+ Ke5  1/2-1/2

[Event "TCh-CHN DivA Standard"]
[Site "Fuling CHN"]
[Date "2022.09.06"]
[Round "1.2"]
[White "Wei Yi"]
[Black "Zhao,Yuanhe"]
[Result "1/2-1/2"]
[WhiteElo "2727"]
[BlackElo "2440"]

1.d4 d5 2.c4 c6 3.Nf3 Nf6 4.Nc3 g6 5.e3 Bg7 6.Be2 O-O 7.O-O e6 8.b3 b6 9.Ba3 Re8
10.Rc1 Bb7 11.Ne5 Ne4 12.Nxe4 dxe4 13.f3 c5 14.fxe4 Bxe5 15.dxe5 Nc6 16.Qe1 a5
17.Rd1 Qe7 18.Bb2 a4 19.Rd6 axb3 20.axb3 Ra2 21.Qc3 Rea8 22.h3 Nb4 23.Rf4 Bc6
24.Bg4 h5 25.Bd1 Qg5 26.Rd2 Rd8 27.Rd6 Rda8 28.h4 Qg3 29.Rd2 Qe1+ 30.Kh2 Rxb2
31.Qxb2 Ra2 32.Rd8+ Kg7 33.Qc1 Bxe4 34.Rxe4 Qf2 35.Bc2 Rxc2 36.Qg1 Qe2 37.Rd1 Nd3
38.Rf1 Kg8 39.Kg3 Kg7 40.Kh2 Kg8 41.Kg3 Kg7 42.b4 Kg8 43.bxc5 bxc5 44.Kh2 Kg7
45.Kg3 Kg8 46.Kh2 Kg7 47.Kg3  1/2-1/2

[Event "TCh-CHN DivA Rapid"]
[Site "Fuling CHN"]
[Date "2022.09.07"]
[Round "2.6"]
[White "Wei Yi"]
[Black "Ding Liren"]
[Result "1/2-1/2"]
[WhiteElo "2727"]
[BlackElo "2808"]

1.e4 e5 2.Nf3 Nc6 3.Nc3 Nf6 4.Bb5 Nd4 5.Bc4 Bc5 6.Nxe5 Qe7 7.Nf3 d5 8.Bxd5 Bg4
9.d3 O-O-O 10.Be3 Nxd5 11.Nxd5 Rxd5 12.exd5 Re8 13.O-O Bxf3 14.gxf3 Bd6 15.f4 Qh4
16.Bxd4 Bxf4 17.Kg2 Qxh2+ 18.Kf3 Qh3+ 19.Kxf4 Qh2+ 20.Kf3 Qh3+ 21.Kf4 Qh2+
22.Kf3 Qh3+ 23.Kf4  1/2-1/2

[Event "TCh-CHN DivA Standard"]
[Site "Fuling CHN"]
[Date "2022.09.07"]
[Round "2.6"]
[White "Xu,Minghui"]
[Black "Wei Yi"]
[Result "0-1"]
[WhiteElo "2408"]
[BlackElo "2727"]

1.d4 g6 2.c4 Bg7 3.e4 Nc6 4.Nf3 d6 5.d5 Ne5 6.Nxe5 Bxe5 7.Bd3 Nf6 8.O-O O-O
9.Nc3 c6 10.Bg5 h6 11.Bd2 Kg7 12.h3 g5 13.Qe2 Bd7 14.Kh1 Rg8 15.f4 gxf4 16.Rxf4 Kh7
17.Raf1 Rg6 18.Nd1 Qg8 19.Rh4 Qg7 20.Ne3 Rg8 21.g4 Bg3 22.Be1 Bxh4 23.Bxh4 Nxg4
24.hxg4 Bxg4 25.Qf2 Qe5 26.Qf4 Qh5 27.Qxf7+ R8g7 28.Qf2 Bf3+ 29.Kh2 Kg8 30.b4 e6
31.c5 cxd5 32.cxd6 dxe4 33.Bc4 Qe5+ 34.Kh3 Rg2 35.Qxg2 Bxg2+ 36.Nxg2 Qc3+  0-1

[Event "TCh-CHN DivA Rapid"]
[Site "Fuling CHN"]
[Date "2022.09.08"]
[Round "3.1"]
[White "Ni Hua"]
[Black "Wei Yi"]
[Result "1/2-1/2"]
[WhiteElo "2668"]
[BlackElo "2727"]

1.Nf3 d5 2.d4 Nf6 3.c4 e6 4.Nc3 c5 5.cxd5 cxd4 6.Qxd4 exd5 7.e4 dxe4 8.Qxd8+ Kxd8
9.Ng5 Be6 10.Nxe6+ fxe6 11.Bc4 Ke7 12.Bg5 Nc6 13.Nxe4 Kf7 14.Nxf6 Bb4+ 15.Ke2 Nd4+
16.Kd3 gxf6 17.Kxd4 Rad8+ 18.Ke4 fxg5 19.Rhd1 Bc5 20.f3 Ke7 21.Rac1 Rxd1
22.Rxd1 Rf8 23.g3 Bd6 24.Re1 Rf5 25.Re2 Re5+ 26.Kd3 Rxe2 27.Kxe2 h5 28.Bd3 h4
29.gxh4 gxh4 30.h3 Bc7 31.Bc2 Bd6 32.Bd3 Bc7 33.Bc2 Bd6  1/2-1/2

[Event "TCh-CHN DivA Standard"]
[Site "Fuling CHN"]
[Date "2022.09.08"]
[Round "3.1"]
[White "Wei Yi"]
[Black "Ni Hua"]
[Result "1/2-1/2"]
[WhiteElo "2727"]
[BlackElo "2668"]

1.e4 e5 2.Nf3 Nc6 3.Bc4 Bc5 4.c3 Nf6 5.d4 exd4 6.cxd4 Bb4+ 7.Bd2 Bxd2+ 8.Nbxd2 d5
9.exd5 Nxd5 10.O-O O-O 11.Rc1 Nb6 12.Bb3 a5 13.a4 Nxd4 14.Nxd4 Qxd4 15.Rxc7 Bd7
16.Nc4 Qxd1 17.Rxd1 Bxa4 18.Bxa4 Nxa4 19.Rxb7 Rfb8 20.Nxa5 Rxb7 21.Nxb7 Nxb2
22.Rd8+ Rxd8 23.Nxd8 Nc4 24.h4 h5 25.f3 g6 26.Nc6 Nd6 27.g4 hxg4 28.fxg4 f5
29.gxf5 Nxf5 30.Ne5 Nxh4 31.Nxg6  1/2-1/2

[Event "TCh-CHN DivA Rapid"]
[Site "Fuling CHN"]
[Date "2022.09.10"]
[Round "4.6"]
[White "Xue,Haowen"]
[Black "Wei Yi"]
[Result "0-1"]
[WhiteElo "2128"]
[BlackElo "2727"]

1.d4 g6 2.e4 Bg7 3.c3 d6 4.Nf3 Nf6 5.Bd3 O-O 6.O-O Nc6 7.h3 e5 8.Re1 Qe8
9.Nbd2 Nh5 10.d5 Ne7 11.a4 a5 12.Bb5 Qd8 13.Bf1 Bd7 14.Nc4 Qe8 15.b3 Kh8
16.Ba3 Nf4 17.Ra2 f6 18.Kh2 g5 19.g3 Nfg6 20.Nfd2 h6 21.Be2 f5 22.exf5 Nxd5
23.Ne4 Nge7 24.g4 Nf4 25.Bf3 Bc6 26.Ng3 Qf7 27.Rd2 Ned5 28.Bb2 Ra6 29.Nh5 Bf6
30.Nxf6 Nxf6 31.Re3 Kg7 32.Ba3 h5 33.Bxc6 Rxc6 34.f3 hxg4 35.fxg4 Rxc4 36.bxc4 Qxc4
37.Qf3 Rh8 38.Qd1 Rh4 39.Rg3 Ne4 40.Bxd6 cxd6 41.Rxd6 Qa2+  0-1

[Event "TCh-CHN DivA Standard"]
[Site "Fuling CHN"]
[Date "2022.09.10"]
[Round "4.6"]
[White "Wei Yi"]
[Black "Wen Yang"]
[Result "1/2-1/2"]
[WhiteElo "2727"]
[BlackElo "2588"]

1.e4 e5 2.Nf3 Nc6 3.Bb5 Nf6 4.O-O Nxe4 5.Re1 Nd6 6.a4 Be7 7.Nc3 a6 8.Bf1 f6
9.d4 Nf7 10.Nd5 d6 11.Bc4 O-O 12.Ra3 Kh8 13.Qd3 Qd7  1/2-1/2

[Event "TCh-CHN DivA Standard"]
[Site "Fuling CHN"]
[Date "2022.09.11"]
[Round "5.2"]
[White "Li Chao2"]
[Black "Wei Yi"]
[Result "1/2-1/2"]
[WhiteElo "2679"]
[BlackElo "2727"]

1.d4 Nf6 2.c4 e6 3.Nf3 d5 4.Nc3 c5 5.cxd5 cxd4 6.Qxd4 exd5 7.e4 dxe4 8.Qxd8+ Kxd8
9.Ng5 Be6 10.Nxe6+ fxe6 11.Bg5 Nc6 12.O-O-O+ Ke8 13.Bb5 Bb4 14.Bxf6 gxf6
15.Nxe4 Ke7 16.a3 f5 17.axb4 fxe4 18.Bxc6 bxc6 19.Rhe1 Rhf8 20.Rxe4 Rxf2
21.Rde1 Rxg2 22.Rxe6+ Kf8 23.Rxc6 Rxh2 24.Rc7 Rb8 25.Rd1 Rh4 26.Rxa7 Rc4+
27.Kb1 Rcxb4 28.Rf1+ Kg8 29.Rg1+ Kh8 30.Rg2 R4b7 31.Rxb7 Rxb7 32.Kc2 h5 33.Kc3 Kh7
34.b4 Kh6 35.Kc4 h4 36.b5 Kh5 37.Kc5 h3 38.Rb2 Rxb5+ 39.Kxb5 Kh4 40.Rh2 Kg4
41.Rxh3 Kxh3  1/2-1/2

[Event "TCh-CHN DivA Rapid"]
[Site "Fuling CHN"]
[Date "2022.09.11"]
[Round "5.2"]
[White "Wei Yi"]
[Black "Li Chao2"]
[Result "1/2-1/2"]
[WhiteElo "2727"]
[BlackElo "2679"]

1.d4 d5 2.c4 c6 3.e3 Nf6 4.Nc3 g6 5.Nf3 Bg7 6.Be2 O-O 7.O-O b6 8.a4 Ne4 9.Qb3 Nxc3
10.bxc3 Ba6 11.Ba3 Re8 12.Ra2 e6 13.Rc1 Bb7 14.cxd5 cxd5 15.c4 Nc6 16.c5 Na5
17.Qb1 Nc4 18.Nd2 e5 19.Nxc4 dxc4 20.Bxc4 exd4 21.Qb3 Qd7 22.cxb6 axb6 23.Qxb6 Rxa4  1/2-1/2

[Event "TCh-CHN DivA Standard"]
[Site "Fuling CHN"]
[Date "2022.09.12"]
[Round "6.5"]
[White "Wei Yi"]
[Black "Wang,Hao B"]
[Result "1-0"]
[WhiteElo "2727"]
[BlackElo "2165"]

1.e4 c5 2.Nf3 d6 3.d4 cxd4 4.Nxd4 Nf6 5.Nc3 a6 6.h3 Nc6 7.g4 e5 8.Nb3 Be6
9.g5 Nd7 10.h4 Rc8 11.Bh3 Nc5 12.Be3 Be7 13.Bxe6 Nxe6 14.Nd5 O-O 15.Qg4 Ncd4
16.Bxd4 exd4 17.Nxd4 Re8 18.Nf5 Bf8 19.Nh6+ gxh6 20.Nf6+  1-0

[Event "TCh-CHN DivA Rapid"]
[Site "Fuling CHN"]
[Date "2022.09.12"]
[Round "6.5"]
[White "Pang,Tao"]
[Black "Wei Yi"]
[Result "0-1"]
[WhiteElo "2427"]
[BlackElo "2727"]

1.d4 Nf6 2.Nf3 g6 3.c4 Bg7 4.Nc3 O-O 5.e4 d6 6.Be2 Na6 7.O-O e5 8.dxe5 dxe5
9.Qc2 Qe8 10.Rd1 Bg4 11.Be3 c6 12.a3 Nd7 13.b4 Nc7 14.Ng5 Bxe2 15.Qxe2 h6
16.Nf3 Ne6 17.c5 Qe7 18.Rd6 Rfd8 19.Rad1 Ndf8 20.b5 Rxd6 21.cxd6 Qd7 22.bxc6 bxc6
23.Na4 Rb8 24.Qc2 Rb5 25.Nc3 Rb7 26.Na4 Rb5 27.Nc3 Rb8 28.Na4 Qb7 29.Nc5 Nxc5
30.Qxc5 Nd7 31.Qxa7 Qxa7 32.Bxa7 Ra8 33.Be3 Rxa3 34.h3 f5 35.Nh4 f4 36.Bc1 Ra4
37.Nxg6 Kf7 38.Ne7 Rxe4 39.Nxc6 Rc4 40.Ne7 Bf8 41.Nf5 Rc3 42.Bb2 Rb3 43.Bxe5 Rb5
44.Bxf4 Rxf5 45.g3 Kg6 46.Kg2 Bg7 47.Re1 Bf6 48.Re8 Rd5 49.Rg8+ Bg7 50.Re8 Nf6
51.Re6 Kf5 52.Re7 Bf8 53.Ra7 Kg6 54.Ra6 Kf5 55.Rb6 Nd7 56.Rb7 Ke6 57.Ra7 h5
58.g4 h4 59.Ra8 Kf7 60.Ra7 Ke6 61.Ra8 Rb5 62.Re8+ Kf7 63.Rd8 Nc5 64.Rc8 Ne6
65.Bh2 Rd5 66.Rc6 Rd4 67.Ra6 Bh6 68.Be5 Rd5 69.Bh2 Bf4 70.Ra4 Bxh2 71.Kxh2 Rxd6
72.Kg2 Kf6 73.Rb4 Rd5 74.Re4 Re5 75.Ra4 Kg5 76.Ra8 Nf4+ 77.Kf3 Rb5 78.Rg8+ Ng6
79.Kg2 Kf6 80.Re8 Rb3 81.Re4 Kg5 82.Re3 Nf4+ 83.Kh2 Rxe3 84.fxe3 Nd5 85.e4 Nf4
86.e5 Kg6 87.Kg1 Nxh3+ 88.Kg2 Ng5  0-1

[Event "SCO National Chess Online"]
[Site "chess.com INT"]
[Date "2022.11.19"]
[Round "1"]
[White "Muradli,Mahammad"]
[Black "Wei Yi"]
[Result "1/2-1/2"]
[WhiteElo "2540"]
[BlackElo "2722"]

1.c4 Nf6 2.Nf3 e6 3.g3 d5 4.Bg2 d4 5.O-O Nc6 6.d3 e5 7.e3 Bc5 8.exd4 Bxd4
9.Nc3 O-O 10.Bg5 h6 11.Bxf6 Qxf6 12.Nxd4 Nxd4 13.f4 c6 14.Qd2 Bf5 15.Rae1 exf4
16.Qxf4 Bxd3 17.Qxf6 gxf6 18.Rxf6 Kg7 19.Rd6 Rad8 20.Rxd8 Rxd8 21.Re7 b6
22.b3 a5 23.Rb7 b5 24.c5 b4 25.Ne4 Ne6 26.Ra7 Bxe4 27.Bxe4 Rd1+ 28.Kf2 Rd2+
29.Ke3 Rxa2 30.Bxc6 Nxc5 31.Bd5 Ra3 32.Bxf7 Kf6 33.Kd4 Nxb3+ 34.Bxb3 Rxb3
35.Ra6+ Kg5 36.Rxa5+ Kg4 37.h3+ Kxh3 38.Rh5+ Kxg3 39.Rxh6 Rc3 40.Rb6 Rf3
41.Rxb4 Rf4+ 42.Kc5 Rxb4 43.Kxb4  1/2-1/2

[Event "SCO National Chess Online"]
[Site "chess.com INT"]
[Date "2022.11.19"]
[Round "2"]
[White "Wei Yi"]
[Black "Jaiswal,R"]
[Result "1-0"]
[WhiteElo "2722"]
[BlackElo "2108"]

1.e4 c5 2.Nf3 d6 3.d4 cxd4 4.Nxd4 Nf6 5.Nc3 a6 6.Be3 e5 7.Nb3 Be7 8.Nd2 b5
9.a4 b4 10.Nd5 Nxd5 11.exd5 O-O 12.a5 Bb7 13.Nc4 Nd7 14.Ra4 f5 15.Rxb4 f4
16.Bb6 Nxb6 17.Nxb6 Ra7 18.Bd3 Bc8 19.Qe2 Qc7 20.Rc4 Qb8 21.Qh5 h6 22.Qg6 Rc7
23.Qh7+ Kf7 24.Nxc8 Rfxc8 25.Bg6+ Kf6 26.Bh5  1-0

[Event "SCO National Chess Online"]
[Site "chess.com INT"]
[Date "2022.11.19"]
[Round "3"]
[White "Lazavik,Denis"]
[Black "Wei Yi"]
[Result "1-0"]
[WhiteElo "2529"]
[BlackElo "2722"]

1.d4 Nf6 2.c4 e6 3.Nf3 d5 4.g3 Bb4+ 5.Bd2 a5 6.Bg2 O-O 7.Qc2 c5 8.cxd5 cxd4
9.Nxd4 Qb6 10.Nf3 exd5 11.O-O Nc6 12.Nc3 h6 13.Rfd1 Re8 14.a3 Bf8 15.e3 Bg4
16.Na4 Qa7 17.Bc3 Rac8 18.Bxf6 gxf6 19.Qd3 Rcd8 20.Nc3 d4 21.Nb5 Qb6 22.Nbxd4 Bc5
23.Qc3 Bxd4 24.exd4 Bxf3 25.Qxf3 Nxd4 26.Qxb7 Qxb7 27.Bxb7 Nb3 28.Rxd8 Rxd8
29.Re1 Rd2 30.Re7 Nc5 31.b4 axb4 32.axb4 Kf8 33.Rc7 Nd3 34.b5 Nxf2 35.b6 Nh3+
36.Kf1 Rf2+ 37.Ke1 Rb2 38.Rc6 Nf2 39.Ba6 Ng4 40.b7 Rb1+ 41.Kd2 Kg7 42.Rc8  1-0

[Event "SCO National Chess Online"]
[Site "chess.com INT"]
[Date "2022.11.19"]
[Round "4"]
[White "Wei Yi"]
[Black "Karthikeyan,M2"]
[Result "1-0"]
[WhiteElo "2722"]
[BlackElo "2623"]

1.Nf3 Nf6 2.c4 g6 3.Nc3 Bg7 4.d4 O-O 5.e4 d6 6.h3 e5 7.d5 a5 8.Bg5 Na6 9.g4 c6
10.Be2 Nc5 11.Nd2 a4 12.a3 Qa5 13.Kf1 cxd5 14.cxd5 b5 15.f3 Bd7 16.Kg2 Rfc8
17.Be3 Rc7 18.Qf1 Rb8 19.Qf2 Bf8 20.Na2 Rbc8 21.Rhc1 Ne8 22.Nb4 Kh8 23.Kh2 Rb7
24.f4 exf4 25.Bd4+ Kg8 26.Qxf4 Qd8 27.Rc3 Qe7 28.Rf1 Bg7 29.Bxg7 Nxg7 30.Re3 Re8
31.Nf3 f6 32.Qh6 Nxe4 33.Bd3 f5 34.Bxe4 fxe4 35.Ng5 Nf5 36.gxf5 Qe5+ 37.Kh1 Bxf5
38.Re2 Rc7 39.Qh4 e3 40.Qf4 Qxf4 41.Rxf4 h6 42.Ne6 Bxe6 43.dxe6 Rxe6 44.Rf3 Rc1+
45.Kg2 Rb1 46.Nd5 Kg7 47.Nc3 Rc1 48.Rfxe3 Rxe3 49.Rxe3 d5 50.Re2 d4 51.Nxb5 d3
52.Rf2 Rc2 53.Nc3 d2 54.Nd1 g5 55.Kf1 h5 56.Ke2 Kg6 57.Kd3 Rc7 58.Kxd2 Rd7+
59.Ke2  1-0

[Event "SCO National Chess Online"]
[Site "chess.com INT"]
[Date "2022.11.19"]
[Round "5"]
[White "Wei Yi"]
[Black "Martirosyan,Haik M."]
[Result "1/2-1/2"]
[WhiteElo "2722"]
[BlackElo "2682"]

1.c4 e5 2.g3 Nf6 3.Bg2 d5 4.cxd5 Nxd5 5.Nf3 Nc6 6.O-O Nb6 7.b3 Be7 8.Qc2 Bg4
9.Bb2 f6 10.Rd1 Qc8 11.d4 Bxf3 12.Bxf3 Nxd4 13.Bxd4 exd4 14.Rxd4 O-O 15.Nc3 c6
16.Rad1 Qe6 17.Re4 Qf7 18.Bg4 f5 19.Rf4 g6 20.e4 Bg5 21.Rf3 Nd7 22.h4 Bh6
23.Rxd7 Qxd7 24.exf5 Bg7 25.Ne4 Rad8 26.Qc4+ Kh8 27.f6 Qxg4 28.fxg7+ Kxg7
29.Qc3+ Kh6 30.Qe3+ Kg7 31.Qc3+ Kh6 32.Qe3+ Kg7 33.Qc3+  1/2-1/2